Cities by Nicknames Quiz - Statistics

General Stats
  • This quiz has been taken 29 times
  • The average score is 10 of 20
Answer Stats
Hint Answer % Correct
The Big Apple New York City
96%
The City of Angels Los Angeles
89%
The Windy City Chicago
85%
The Eternal City Rome
85%
The Motor City Detroit
81%
The Big Easy New Orleans
81%
The City of Light Paris
78%
The City of Brotherly Love Philadelphia
74%
The Emerald City Seattle
52%
Venice of the North Amsterdam
48%
The City of the Violet Crown Athens|Austin
41%
The City of Lillies Florence
33%
The Fair City Dublin
30%
The Harbor City Sydney
30%
The City of Music Vienna
30%
The Peace Capital Geneva
26%
The City of Wine Bordeaux
22%
Little Paris Bucharest
19%
The City of Four Rivers Turin
11%
The End of the World Ushuaia
11%
No matching quizzes found
Score Distribution
Percent of People with Each Score
Percentile by Number Answered
Your Score History
You have not taken this quiz